MARC details
| 000 -LEADER |
| fixed length control field |
01862nam a22003617a 4500 |
| 001 - CONTROL NUMBER |
| control field |
101209 |
| 003 - CONTROL NUMBER IDENTIFIER |
| control field |
KnowledgeUnlatched |
| 005 - DATE AND TIME OF LATEST TRANSACTION |
| control field |
20210303105143.0 |
| 006 - FIXED-LENGTH DATA ELEMENTS--ADDITIONAL MATERIAL CHARACTERISTICS |
| fixed length control field |
m o d |
| 007 - PHYSICAL DESCRIPTION FIXED FIELD--GENERAL INFORMATION |
| fixed length control field |
cr u|||||||||| |
| 008 - FIXED-LENGTH DATA ELEMENTS--GENERAL INFORMATION |
| fixed length control field |
210129p20142019mau o u00| u eng d |
| 037 ## - SOURCE OF ACQUISITION |
| Institution to which field applies |
BiblioBoard |
| 020 ## - INTERNATIONAL STANDARD BOOK NUMBER |
| International Standard Book Number |
9789087282936 |
| 024 8# - OTHER STANDARD IDENTIFIER |
| Standard number or code |
doi.org/10.24415/9789087282141 |
| 029 1# - OTHER SYSTEM CONTROL NUMBER (OCLC) |
| OCLC library identifier |
https://library.biblioboard.com/ext/api/media/ddf164b6-d95c-40ac-aa4d-67a0c8547c9e/assets/thumbnail.jpg |
| 040 ## - CATALOGING SOURCE |
| Original cataloging agency |
ScCtBLL |
| Transcribing agency |
ScCtBLL |
| 100 1# - MAIN ENTRY--PERSONAL NAME |
| Personal name |
Fozi, Navid |
| Relator term |
author. |
| 245 00 - TITLE STATEMENT |
| Title |
Reclaiming the Faravahar |
| Remainder of title |
Zoroastrian Survival in Contemporary Tehran / |
| Statement of responsibility, etc. |
Navid Fozi. |
| 264 #1 - PRODUCTION, PUBLICATION, DISTRIBUTION, MANUFACTURE, AND COPYRIGHT NOTICE |
| Name of producer, publisher, distributor, manufacturer |
Leiden University Press, |
| 300 ## - PHYSICAL DESCRIPTION |
| Extent |
1 online resource (242 p.) |
| 506 0# - RESTRICTIONS ON ACCESS NOTE |
| Terms governing access |
Access copy available to the general public. |
| Standardized terminology for access restriction |
Unrestricted |
| Source of term |
star |
| 520 ## - SUMMARY, ETC. |
| Summary, etc. |
Reclaiming the Faravahar is an ethnographic study of the contemporary Zoroastrians in Tehran. It examines many public discursive and ritual performances to show how they utilize national, religious, and ethnic categories to frame the Zoroastrian identity within the longstanding conflict between Iranian Shi'a and Arab Sunnis, defining and defending Zoroastrians' identity and values in Shi'i dominated Iran. |
| 588 0# - SOURCE OF DESCRIPTION NOTE |
| Source of description note |
Description based on print version record. |
| 590 ## - LOCAL NOTE (RLIN) |
| Local note |
KU Select 2017: Backlist Collection |
| 650 #7 - SUBJECT ADDED ENTRY--TOPICAL TERM |
| Topical term or geographic name entry element |
Religion / Zoroastrianism |
| Source of heading or term |
bisacsh |
| 650 #0 - SUBJECT ADDED ENTRY--TOPICAL TERM |
| Topical term or geographic name entry element |
Religion |
| 655 #0 - INDEX TERM--GENRE/FORM |
| Genre/form data or focus term |
Electronic books. |
| 758 ## - |
| -- |
Is found in: |
| -- |
Knowledge Unlatched |
| -- |
https://openresearchlibrary.org/module/2774bc74-146a-484f-a7ba-ab1d6a09bbfb |
| 856 40 - ELECTRONIC LOCATION AND ACCESS |
| Uniform Resource Identifier |
<a href="https://openresearchlibrary.org/content/ddf164b6-d95c-40ac-aa4d-67a0c8547c9e">https://openresearchlibrary.org/content/ddf164b6-d95c-40ac-aa4d-67a0c8547c9e</a> |
| Public note |
View this content on Open Research Library. |
| -- |
0 |